A century of latin-american thought
Uloženo v:
| Hlavní autor: | |
|---|---|
| Médium: | Kniha |
| Jazyk: | angličtina |
| Vydáno: |
Cambridge
Harvard University
1944
|
| Témata: | |
| Tagy: |
Přidat tag
Žádné tagy, Buďte první, kdo vytvoří štítek k tomuto záznamu!
|
MARC
| LEADER | 00000nam a2200000 a 4500 | ||
|---|---|---|---|
| 001 | UCO1494 | ||
| 003 | CL-VaPUC | ||
| 008 | 000519e19440000US |||||||||||||||||eng|d | ||
| 082 | 0 | 4 | |a 199.8 |b CRA |2 21 |
| 100 | 0 | |a Crawford, William Rex |e author |9 443631 | |
| 245 | 1 | 2 | |a A century of latin-american thought |
| 300 | |a 320 p | ||
| 942 | |c BK | ||
| 945 | |d 20000519 00:00:00 |a lriquelm | ||
| 260 | |a Cambridge |b Harvard University |c 1944 | ||
| 650 | 0 | |a Filosofía |9 223554 | |
| 650 | 0 | |a Idealismo |9 265685 | |
| 650 | 0 | |a Positivismo |9 269460 | |
| 650 | 0 | |a Doctrinas filosóficas |9 358827 | |
| 650 | 0 | |a Literatura |9 259151 | |
| 651 | 0 | |a América Latina |9 255027 | |
| 583 | |a last modification |c 20000519 00:00:00 |k Rodrigo Vera | ||
| 999 | |c 288108 |d 288106 | ||
| 952 | |0 0 |1 0 |4 0 |6 199_800000000000000_CRA_1944 |7 0 |8 X |9 335354 |a BIBHIS |b BIBHIS |d 2019-11-20 |i 1259210 |o 199.8 CRA 1944 |p 1259210 |r 2024-01-30 |w 2019-11-20 |y BK_X |k HIS | ||